[Event "Tournoi Skype 018B"]
[Site "Skype"]
[Date "????.??.??"]
[Round "7.2"]
[White "Sauvaget, Joel"]
[Black "De Nobrega, George"]
[Result "1-0"]
[WhiteElo "1509"]
[BlackElo "1458"]
[PlyCount "63"]

1. d4 Nf6 2. Nf3 Nc6 3. e3 d5 4. c3 e5 5. dxe5 Nxe5 6. Nxe5 Bd6 7. Nf3 Bg4 8.
Be2 O-O 9. h3 Bh5 10. Nbd2 Re8 11. O-O c6 12. Nd4 Bg6 13. N2f3 Ne4 14. Nd2 Nxd2
15. Bxd2 Be4 16. f3 Bg6 17. c4 dxc4 18. Bxc4 Be5 19. Bc3 Qg5 20. f4 Bxf4 21.
exf4 Qg3 22. Qf3 Qh4 23. Qf2 Qh5 24. f5 Bxf5 25. Qxf5 Qxf5 26. Rxf5 Re4 27.
Bxf7+ Kh8 28. Ne6 h6 29. Raf1 Kh7 30. Nxg7 Rd8 31. Bb3 b5 32. Rf7 1-0

[Event "Tournoi Skype 018B"]
[Site "Skype"]
[Date "????.??.??"]
[Round "7.3"]
[White "Galani, Mahendra"]
[Black "Martin, Jean-Claude"]
[Result "1-0"]
[WhiteElo "1419"]
[BlackElo "1440"]
[PlyCount "51"]

1. Nc3 Nf6 2. e4 e5 3. Bc4 Nc6 4. Nf3 h6 5. d4 exd4 6. Nxd4 Bb4 7. Nf5 Bxc3+ 8.
bxc3 O-O 9. Qf3 Ne5 10. Qg3 Nfg4 11. Be2 d6 12. Bxg4 Nxg4 13. Qxg4 Bxf5 14.
exf5 Re8+ 15. Be3 Qf6 16. O-O d5 17. Bd4 Re4 18. Qh5 Qg5 19. Qf3 Qg4 20. f6 Rf4
21. Qxd5 gxf6 22. Qxb7 Qc8 23. Qc6 Kg7 24. Rae1 a6 25. Re3 Qd8 26. Rg3+ 1-0

[Event "Tournoi Skype 018B"]
[Site "Skype"]
[Date "????.??.??"]
[Round "7.4"]
[White "Kruzeniski, Randy"]
[Black "Sahrane, Juba"]
[Result "0-1"]
[WhiteElo "1409"]
[BlackElo "1476"]
[PlyCount "52"]

1. d4 d5 2. Nf3 Nc6 3. e3 e6 4. c4 Nf6 5. Nc3 Be7 6. Bd3 dxc4 7. Bxc4 O-O 8.
O-O b6 9. a3 Bb7 10. b4 a6 11. Bb2 b5 12. Bd3 Bd6 13. e4 e5 14. d5 Nd4 15. Nxd4
exd4 16. Ne2 Bc8 17. Nxd4 Bxh2+ 18. Kxh2 Ng4+ 19. Kg1 Qh4 20. Re1 Qxf2+ 21. Kh1
Qh4+ 22. Kg1 Qf2+ 23. Kh1 Qg3 24. Kg1 Qh2+ 25. Kf1 Qh1+ 26. Ke2 Qxg2# 0-1

[Event "Tournoi Skype 018B"]
[Site "Skype"]
[Date "????.??.??"]
[Round "7.5"]
[White "Briere, Jean"]
[Black "Porcabeuf, Jean-Marc"]
[Result "1-0"]
[WhiteElo "1556"]
[BlackElo "1380"]
[PlyCount "79"]

1. e4 e6 2. d4 d5 3. Bd3 c5 4. exd5 exd5 5. Qe2+ Be6 6. dxc5 Bxc5 7. Nf3 h6 8.
O-O Nf6 9. Be3 Bd6 10. Nc3 a6 11. h3 O-O 12. Rfe1 Nc6 13. a3 Re8 14. Qd2 Qc7
15. Bxh6 gxh6 16. Qxh6 Bf8 17. Qh4 Bg7 18. Ng5 Kf8 19. Nh7+ Ke7 20. Nxd5+ Kd8
21. Nxc7 Kxc7 22. Nxf6 Rh8 23. Qf4+ Kb6 24. Rad1 Rh6 25. Ng4 Rh4 26. Qg5 Rah8
27. Rxe6 fxe6 28. Qxg7 R4h5 29. Bg6 Rh4 30. Qf6 e5 31. Nxe5 Rc8 32. Qxh4 Nxe5
33. Qd4+ Rc5 34. Qb4+ Rb5 35. Qd6+ Ka5 36. b4+ Ka4 37. Be8 Nc6 38. Bxc6 bxc6
39. Qd3 c5 40. Qb3# 1-0

[Event "Tournoi Skype 018B"]
[Site "Skype"]
[Date "????.??.??"]
[Round "7.6"]
[White "Perrone, Gabriel Lorenzo"]
[Black "Khatanhar, Mohit"]
[Result "1/2-1/2"]
[WhiteElo "1390"]
[BlackElo "1368"]
[PlyCount "48"]

1. d4 e6 2. c4 d5 3. Nc3 Nf6 4. Nf3 h6 5. Bf4 Bd6 6. Bxd6 Qxd6 7. e3 Qe7 8. Be2
Nbd7 9. Qb3 c6 10. Nd2 O-O 11. O-O Nh7 12. Rfe1 f5 13. Bf3 Qg5 14. cxd5 exd5
15. g3 Kh8 16. Bg2 Ndf6 17. Nf3 Qh5 18. Nh4 Rb8 19. Qd1 Qf7 20. Bh3 Be6 21.
Bxf5 Bxf5 22. Nxf5 Ng4 23. Qxg4 Qxf5 24. Qxf5 Rxf5 1/2-1/2

[Event "Tournoi Skype 018B"]
[Site "Skype"]
[Date "????.??.??"]
[Round "7.7"]
[White "Karia, Kirti"]
[Black "Homme, Jim"]
[Result "1-0"]
[WhiteElo "1387"]
[BlackElo "1181"]
[PlyCount "47"]

1. e4 e5 2. Bc4 Nf6 3. d3 Bc5 4. Nc3 O-O 5. Nf3 d5 6. Nxd5 Nxd5 7. Bxd5 c6 8.
Bc4 Qc7 9. Qd2 Re8 10. Qg5 Bd6 11. Qh4 Be7 12. Ng5 Bxg5 13. Qxg5 Be6 14. Bxe6
Rxe6 15. O-O Nd7 16. Be3 Rg6 17. Qf5 Qd6 18. Rad1 Qf6 19. Qxd7 Rb8 20. f4 Qd6
21. Qxd6 Rxd6 22. fxe5 Re6 23. Bc5 Rxe5 24. Bd6 1-0

[Event "Tournoi Skype 018B"]
[Site "Skype"]
[Date "????.??.??"]
[Round "7.8"]
[White "Lemoine, Gerard"]
[Black "Salazar Ticeran, Antonio"]
[Result "1-0"]
[WhiteElo "1323"]
[BlackElo "1526"]
[PlyCount "89"]

1. d4 Nf6 2. c4 g6 3. Nf3 Bg7 4. Bg5 O-O 5. e3 d6 6. Bd3 Nbd7 7. O-O c5 8. Nc3
cxd4 9. Nxd4 Nc5 10. Bc2 Qa5 11. Nf3 a6 12. a3 Qb6 13. b4 Ne6 14. Bh4 Rd8 15.
Qd2 d5 16. cxd5 Nxd5 17. Nxd5 Rxd5 18. Qxd5 Bxa1 19. Rxa1 a5 20. Bxe7 axb4 21.
a4 b3 22. Bxb3 Ra5 23. Qd3 Nc5 24. Qd8+ Qxd8 25. Bxd8 Nxb3 26. Ra3 Rd5 27. Ne1
Nc5 28. Bf6 Rd1 29. Kf1 b6 30. Ke2 Rb1 31. Bd4 Ba6+ 32. Kf3 Rxe1 33. a5 Bb7+
34. Kg3 Ne4+ 35. Kf4 Nxf2 36. Bxb6 Nh1 37. Ke5 Bxg2 38. a6 Nf2 39. Ra2 Ng4+ 40.
Kf4 Bh3 41. a7 Rf1+ 42. Kg3 h5 43. a8=Q+ Kh7 44. Kxh3 Nf2+ 45. Kg2 1-0

[Event "Tournoi Skype 018B"]
[Site "Skype"]
[Date "????.??.??"]
[Round "7.9"]
[White "Ramirez Reina, Orlando"]
[Black "Vervoort, Jean-Louis"]
[Result "1-0"]
[WhiteElo "1410"]
[BlackElo "1273"]
[PlyCount "95"]

1. e4 e5 2. Nf3 Nc6 3. Bc4 h6 4. O-O Nf6 5. Re1 Bc5 6. c3 O-O 7. d4 Bb6 8. h3
d6 9. dxe5 dxe5 10. Na3 a6 11. Bd5 Re8 12. Nc4 Nd7 13. Be3 Bxe3 14. Nxe3 Nf6
15. Qb3 Be6 16. Rad1 Bxd5 17. Nxd5 Nxd5 18. Rxd5 Qe7 19. Red1 Rad8 20. Qxb7 Na5
21. Qxa6 Ra8 22. Qd3 f6 23. Rd7 Qe6 24. Qd5 Qxd5 25. R1xd5 Nc4 26. Rxc7 Nb6 27.
Rb5 Na4 28. b3 Nb2 29. a4 Rec8 30. Rbb7 Rxc7 31. Rxc7 Rb8 32. Nd2 Nd1 33. a5
Ra8 34. b4 Nb2 35. Nb3 Kf8 36. Nc5 g5 37. a6 Ke8 38. a7 Kd8 39. Rb7 Kc8 40. b5
Nc4 41. Rh7 Nb6 42. g4 Kd8 43. Kf1 Ke8 44. Ke1 Kf8 45. Kd1 Kg8 46. Rb7 Nc4 47.
Rb8+ Rxb8 48. axb8=Q+ 1-0

[Event "Tournoi Skype 018B"]
[Site "Skype"]
[Date "????.??.??"]
[Round "7.10"]
[White "Codina, Teresa"]
[Black "Dubois, Real"]
[Result "1/2-1/2"]
[WhiteElo "1310"]
[BlackElo "1409"]
[PlyCount "138"]

1. e4 e5 2. Nf3 d6 3. Be2 Bd7 4. O-O a6 5. c3 Nf6 6. d3 Be7 7. Bg5 O-O 8. Re1
Ne8 9. Bxe7 Qxe7 10. Nbd2 Nc6 11. a3 Na7 12. d4 exd4 13. cxd4 Bb5 14. Rc1 Bxe2
15. Rxe2 Rc8 16. Nb3 Qd7 17. Rec2 Nf6 18. Qe1 Rfe8 19. Re2 Qg4 20. h3 Qg6 21.
e5 dxe5 22. dxe5 Nd5 23. Nc5 Nf4 24. Nh4 Nxe2+ 25. Qxe2 Qg5 26. Rc4 Rxe5 27.
Qg4 Qxg4 28. hxg4 Re1+ 29. Kh2 Rce8 30. f4 Nc6 31. Nf3 R1e2 32. b4 Rb2 33. Nxb7
Nd8 34. Nc5 Ree2 35. Nd3 Rxg2+ 36. Kh3 Rbe2 37. Rxc7 Ne6 38. Rc8+ Nf8 39. Ra8
Rc2 40. Rxa6 Rge2 41. a4 Rc3 42. Nde5 f6 43. Rc6 Rxc6 44. Nxc6 Ne6 45. f5 Nc7
46. b5 Rb2 47. Na7 Rb3 48. Kg3 Nd5 49. a5 Nb4 50. b6 Na6 51. Nc6 Kf7 52. Kf4
Nc5 53. g5 fxg5+ 54. Nxg5+ Kg8 55. Ke5 Nd7+ 56. Kd6 Nxb6 57. axb6 Rxb6 58. Kc7
Rb5 59. Kd7 Rxf5 60. Ne7+ Kh8 61. Nxf5 h6 62. Nf7+ Kh7 63. Ke6 Kg6 64. Nh4+ Kh5
65. Nf5 g5 66. N7xh6 g4 67. Ke5 Kg5 68. Ke4 g3 69. Nxg3 Kxh6 1/2-1/2

[Event "Tournoi Skype 018B"]
[Site "Skype"]
[Date "????.??.??"]
[Round "7.11"]
[White "Sommadossi, Roberto"]
[Black "Kruk, Clementine"]
[Result "1-0"]
[WhiteElo "1378"]
[BlackElo "1264"]
[PlyCount "167"]

1. e4 e5 2. Nf3 Nc6 3. Bc4 Bc5 4. O-O Nf6 5. d4 exd4 6. Bg5 d6 7. c3 Bg4 8. Qd3
Ne5 9. Nxe5 dxe5 10. f3 dxc3+ 11. Kh1 Qxd3 12. Bxd3 cxb2 13. Nc3 Bd4 14. Nb5
Rd8 15. Rab1 Be6 16. Nxc7+ Ke7 17. Nb5 Bxa2 18. Nxd4 Bxb1 19. Nf5+ Kf8 20. Bxb1
h6 21. Be3 Nh5 22. Bc5+ Kg8 23. Ba3 Rd2 24. Nd6 Rxd6 25. Bxd6 Kh7 26. Bxe5 Rd8
27. Bxb2 Rd2 28. e5+ g6 29. Bc3 Rd5 30. Ba2 Rd7 31. e6 fxe6 32. Bxe6 Rd3 33.
Be5 Re3 34. f4 Nxf4 35. Bxf4 Rxe6 36. Bb8 a5 37. h3 b5 38. Rf7+ Kg8 39. Rb7 b4
40. Rb5 Re1+ 41. Kh2 Ra1 42. Bc7 b3 43. Rxb3 a4 44. Rb8+ Kf7 45. Ra8 Ke6 46.
Bf4 g5 47. Bd2 Kf5 48. Bc3 Ra2 49. Ra5+ Kg6 50. Ra6+ Kh5 51. Bg7 g4 52. Rxh6+
Kg5 53. h4+ Kf4 54. Rf6+ Ke3 55. Bh6+ Ke2 56. Rf4 a3 57. Rxg4 Rb2 58. Ra4 a2
59. Bg7 Rc2 60. h5 Kf1 61. Rg4 Rc7 62. h6 Rxg7 63. hxg7 a1=Q 64. g8=Q Qe5+ 65.
Rg3 Qh5+ 66. Rh3 Qe5+ 67. Qg3 Qxg3+ 68. Rxg3 Kf2 69. Rf3+ Ke2 70. Rf7 Ke3 71.
g4 Kd4 72. g5 Kd5 73. g6 Kd6 74. g7 Ke6 75. Rf2 Ke5 76. g8=Q Kd4 77. Qe6 Kc5
78. Rd2 Kb4 79. Qc6 Kb3 80. Rc2 Kb4 81. Rc4+ Kb3 82. Qb5+ Ka3 83. Rc8 Ka2 84.
Ra8# 1-0

[Event "Tournoi Skype 018B"]
[Site "Skype"]
[Date "????.??.??"]
[Round "7.12"]
[White "Gerbaux, Regis"]
[Black "Vincent, Andre"]
[Result "1-0"]
[WhiteElo "1268"]
[BlackElo "1326"]
[PlyCount "67"]

1. e4 c5 2. Nf3 d6 3. d4 cxd4 4. Nxd4 Bd7 5. Nc3 Nf6 6. Bd3 g6 7. O-O Bg7 8. h3
O-O 9. Bg5 Re8 10. Qd2 a6 11. Bh6 e5 12. Nf3 Bc6 13. Rae1 Nbd7 14. Bxg7 Kxg7
15. Ng5 h6 16. Nf3 b5 17. a3 Nc5 18. Nh2 Nh7 19. f4 Nxd3 20. cxd3 Rb8 21. fxe5
dxe5 22. Ng4 Qg5 23. Qf2 f6 24. Re3 Rf8 25. Rg3 Qh4 26. Nxe5 g5 27. Nxc6 Rb7
28. Rf3 Qxf2+ 29. R1xf2 Kg6 30. g4 Rc7 31. Ne5+ fxe5 32. Rxf8 Nxf8 33. Rxf8
Rxc3 34. bxc3 1-0

[Event "Tournoi Skype 018B"]
[Site "Skype"]
[Date "????.??.??"]
[Round "7.13"]
[White "Felippe E Silva, Glenda"]
[Black "Marino, Giuseppe"]
[Result "0-1"]
[WhiteElo "1269"]
[BlackElo "1353"]
[PlyCount "56"]

1. d4 d5 2. Nf3 Nf6 3. Bf4 Bg4 4. Nbd2 Nbd7 5. h3 Bf5 6. e3 e6 7. Bd3 Ne4 8.
O-O c6 9. Nh4 Qxh4 10. f3 Nxd2 11. Qxd2 Be7 12. Bxf5 exf5 13. Qd3 g6 14. c4 O-O
15. cxd5 cxd5 16. Rac1 Rac8 17. Rc3 Rxc3 18. bxc3 a6 19. c4 dxc4 20. Qxc4 Qf6
21. Qc7 Qc6 22. Rc1 Qxc7 23. Rxc7 Rd8 24. Rxb7 Ba3 25. d5 Nc5 26. Rb8 Rxb8 27.
Bxb8 Nd7 28. e4 Nxb8 0-1

[Event "Tournoi Skype 018B"]
[Site "Skype"]
[Date "????.??.??"]
[Round "7.14"]
[White "De Coninck, Philippe"]
[Black "Bustos, Ricardo"]
[Result "1/2-1/2"]
[WhiteElo "1461"]
[BlackElo "1240"]
[PlyCount "76"]

1. e4 c5 2. Nf3 d6 3. d4 cxd4 4. Nxd4 Nf6 5. Nc3 a6 6. Be2 e6 7. Be3 Be7 8. O-O
O-O 9. Qd2 b5 10. b4 Bb7 11. f3 Nc6 12. Nxc6 Bxc6 13. Rad1 Qc7 14. a3 Rad8 15.
Bd3 d5 16. exd5 Nxd5 17. Nxd5 Bxd5 18. c3 Bc4 19. Qc2 Bxd3 20. Rxd3 Rxd3 21.
Qxd3 Bd6 22. g3 Rd8 23. Qe4 Be5 24. Bd4 Bxd4+ 25. cxd4 a5 26. Rd1 axb4 27. axb4
Qc4 28. d5 Qxe4 29. fxe4 exd5 30. exd5 Kf8 31. Kf2 Ke7 32. Ke3 f5 33. Kd4 Rc8
34. Re1+ Kd6 35. Re6+ Kd7 36. Rc6 Rxc6 37. dxc6+ Kxc6 38. Ke5 g6 1/2-1/2

[Event "Tournoi Skype 018B"]
[Site "Skype"]
[Date "????.??.??"]
[Round "7.16"]
[White "Battaglia, Gabriele"]
[Black "Lequeux, Pierre"]
[Result "0-1"]
[WhiteElo "1326"]
[BlackElo "1133"]
[PlyCount "54"]

1. e4 e5 2. Nf3 Nc6 3. Bc4 d6 4. d3 h6 5. O-O Qe7 6. Nc3 Be6 7. Bxe6 Qxe6 8.
Nd5 Qc8 9. Bd2 Be7 10. c3 Nf6 11. Re1 O-O 12. d4 Nxd5 13. exd5 Nb8 14. dxe5
dxe5 15. Nxe5 Bd6 16. Qh5 Qe8 17. Ng6 fxg6 18. Rxe8 gxh5 19. Rae1 Nd7 20. R8e3
Bc5 21. Rh3 Bxf2+ 22. Kh1 Bxe1 23. Rf3 Bxd2 24. Kg1 Ne5 25. Rh3 Rad8 26. Rxh5
Rxd5 27. c4 Be3+ 0-1

[Event "Tournoi Skype 018B"]
[Site "Skype"]
[Date "????.??.??"]
[Round "7.17"]
[White "Milanese, Serge"]
[Black "Bacha, Mehdi"]
[Result "1-0"]
[WhiteElo "1317"]
[BlackElo "1000"]
[PlyCount "29"]

1. e4 e5 2. Bc4 Nf6 3. d4 d6 4. Nc3 Bg4 5. Nf3 Be7 6. d5 Nbd7 7. h3 Nb6 8. Bb5+
c6 9. hxg4 cxb5 10. a3 O-O 11. g5 Nfd7 12. Nh4 Nc5 13. Qh5 g6 14. Nxg6 fxg6 15.
Qxh7# 1-0

[Event "Tournoi Skype 018B"]
[Site "Skype"]
[Date "????.??.??"]
[Round "7.19"]
[White "Martin, Elise"]
[Black "Lecluyse, Koenraad"]
[Result "0-1"]
[WhiteElo "1107"]
[BlackElo "1265"]
[PlyCount "58"]

1. e4 e5 2. Nf3 Nc6 3. d4 exd4 4. Nxd4 Nxd4 5. Qxd4 d6 6. Bb5+ c6 7. Bc4 Nf6 8.
Bg5 Be7 9. Nc3 O-O 10. Rd1 h6 11. Bh4 Be6 12. Bxe6 fxe6 13. e5 dxe5 14. Qxd8
Raxd8 15. O-O Rde8 16. Bg3 e4 17. Rfe1 Bc5 18. Na4 Bb6 19. Nc3 Ng4 20. Rf1 e3
21. Rd7 exf2+ 22. Kh1 Ne3 23. Ne2 Nxf1 24. Be5 Rf7 25. Rd1 Ne3 26. Rc1 f1=Q+
27. Rxf1 Rxf1+ 28. Ng1 Ng4 29. h3 Rxg1# 0-1

[Event "Tournoi Skype 018B"]
[Site "Skype"]
[Date "????.??.??"]
[Round "7.20"]
[White "Gieschen, Mike"]
[Black "Amato, Ludovica"]
[Result "1/2-1/2"]
[WhiteElo "1235"]
[BlackElo "1192"]
[PlyCount "65"]

1. d4 Nf6 2. c4 e6 3. Nf3 d5 4. e3 Be7 5. Bd3 O-O 6. O-O Nc6 7. Nc3 Bd7 8. Qc2
dxc4 9. Bxc4 Bd6 10. e4 e5 11. dxe5 Nxe5 12. Nxe5 Bxe5 13. f4 Bd4+ 14. Kh1 Bc6
15. Qd3 Qd7 16. Be3 Bxe3 17. Qxe3 Rfe8 18. Rad1 Qe7 19. Nd5 Nxd5 20. Bxd5 Bxd5
21. Rxd5 Rad8 22. Rxd8 Rxd8 23. e5 a6 24. g4 Qd7 25. h3 Qd3 26. Qxd3 Rxd3 27.
Kg2 Kf8 28. Rf3 Rd2+ 29. Rf2 Rd3 30. h4 Ke7 31. g5 Ke6 32. h5 Kf5 33. Rf3
1/2-1/2

[Event "Tournoi Skype 018B"]
[Site "Skype"]
[Date "????.??.??"]
[Round "7.21"]
[White "Maccaferri, Massimo"]
[Black "Baker, Abi"]
[Result "0-1"]
[WhiteElo "1350"]
[BlackElo "1130"]
[PlyCount "86"]

1. e4 e6 2. Nc3 g6 3. Nf3 Bg7 4. d4 Ne7 5. d5 Bxc3+ 6. bxc3 d6 7. Bc4 e5 8. O-O
O-O 9. Ng5 f5 10. Be2 fxe4 11. Bh5 Rf5 12. Bg4 Rf6 13. Bh5 Qe8 14. Bg4 Bxg4 15.
Qxg4 Nxd5 16. Qh3 h5 17. Nxe4 Rf4 18. f3 Nd7 19. Bxf4 exf4 20. Rae1 Ne3 21. Rf2
d5 22. Ng5 b5 23. g4 fxg3 24. Qxg3 c5 25. f4 d4 26. f5 Qe5 27. Rf4 Nf6 28. fxg6
Re8 29. Nh7 Ne4 30. g7 Nxg3 31. hxg3 Qxg7 32. Nf6+ Kf7 33. Nxh5+ Nf5 34. Nxg7
Rxe1+ 35. Kf2 Ra1 36. Nxf5 Rxa2 37. g4 Rxc2+ 38. Ke1 Rxc3 39. Nd6+ Ke6 40. Ne4
Rc1+ 41. Kd2 Rg1 42. g5 Ke5 43. Nxc5 Kxf4 0-1

[Event "Tournoi Skype 018B"]
[Site "Skype"]
[Date "????.??.??"]
[Round "7.22"]
[White "Bhandari, Dattatrey"]
[Black "Torres, Vicky"]
[Result "0-1"]
[WhiteElo "1218"]
[BlackElo "1365"]
[PlyCount "72"]

1. e4 e5 2. Nf3 Nc6 3. Bc4 Nd4 4. Nxe5 Qg5 5. Bxf7+ Ke7 6. Qg4 Qxe5 7. Na3 Nf6
8. Qh3 Qxe4+ 9. Qe3 Nxc2+ 10. Nxc2 Kxf7 11. O-O Qxe3 12. Nxe3 g6 13. b3 Bg7 14.
Rb1 d5 15. d3 d4 16. Nc4 Ng4 17. h3 Ne5 18. Nxe5+ Bxe5 19. Re1 Bf6 20. Bf4 c6
21. g4 g5 22. Bd6 h5 23. f3 hxg4 24. fxg4 Rxh3 25. Rf1 Kg6 26. Rbe1 Bxg4 27.
Be7 Bxe7 28. Rxe7 Bf5 29. Rxb7 Rxd3 30. Re1 Rg3+ 31. Kf2 Rh3 32. Ree7 Rg8 33.
Kg2 Rg7 34. Rxa7 d3 35. Rec7 d2 36. Rxc6+ Kh7 0-1

[Event "Tournoi Skype 018B"]
[Site "Skype"]
[Date "????.??.??"]
[Round "7.23"]
[White "Douichi, Mohammed"]
[Black "Delmonte, Davide"]
[Result "1-0"]
[WhiteElo "1216"]
[BlackElo "1233"]
[PlyCount "39"]

1. e4 e5 2. Nf3 Nc6 3. Bc4 Bc5 4. d3 Qf6 5. Bg5 Qg6 6. Nc3 Nd4 7. Bxf7+ Kxf7 8.
Nxe5+ Ke6 9. Nxg6 d6 10. Nxh8 Bd7 11. Nd5 Rf8 12. Qg4+ Ke5 13. Bf4+ Rxf4 14.
Qxg7+ Nf6 15. O-O Nxc2 16. Qg5+ Bf5 17. Qxf4+ Kd4 18. exf5+ Kxd3 19. Rad1+ Ke2
20. Qd2# 1-0

[Event "Tournoi Skype 018B"]
[Site "Skype"]
[Date "????.??.??"]
[Round "7.24"]
[White "Moumtaz, Abderrahim"]
[Black "Mimouni, Driss"]
[Result "1-0"]
[WhiteElo "1219"]
[BlackElo "1000"]
[PlyCount "91"]

1. d4 d6 2. e4 e6 3. Nf3 Be7 4. Bd3 e5 5. dxe5 dxe5 6. Nxe5 Bb4+ 7. Bd2 Nf6 8.
Bxb4 Bg4 9. Nxg4 h5 10. Ne5 Nc6 11. Bb5 a5 12. Nxc6 bxc6 13. Bxc6+ Nd7 14. Bxa8
Qxa8 15. Bc3 Qxe4+ 16. Qe2 Nc5 17. Nd2 Nd3+ 18. cxd3 Qxe2+ 19. Kxe2 Rh6 20.
Rhe1 Re6+ 21. Kf1 Ke7 22. Bxg7 c5 23. Nf3 a4 24. d4 cxd4 25. Nxd4 Rxe1+ 26.
Rxe1+ Kd7 27. Bf6 Kd6 28. Be5+ Kd5 29. Nc2 Ke6 30. Bc3+ Kd7 31. f4 Kc6 32. Nd4+
Kc5 33. Re7 Kc4 34. Ke2 f5 35. Nxf5 a3 36. Rc7+ Kb5 37. bxa3 Kb6 38. Rc4 Kb5
39. Ne3 Kb6 40. f5 Kb5 41. f6 Kb6 42. f7 Kb7 43. f8=Q Ka7 44. Rc7+ Kb6 45. Qc5+
Ka6 46. Ra7# 1-0

[Event "Tournoi Skype 018B"]
[Site "Skype"]
[Date "????.??.??"]
[Round "7.25"]
[White "Erten, Ozlem"]
[Black "Picard, Mario"]
[Result "0-1"]
[WhiteElo "1000"]
[BlackElo "1271"]
[PlyCount "44"]

1. e4 e5 2. d4 exd4 3. c3 dxc3 4. Bc4 Qf6 5. Nxc3 Bb4 6. Bd2 Ne7 7. Nf3 O-O 8.
O-O Nbc6 9. Bg5 Qg6 10. Bxe7 Nxe7 11. Nd5 Nxd5 12. exd5 Bd6 13. Bd3 Qh6 14. Re1
c6 15. dxc6 dxc6 16. Qb3 Be6 17. Qxb7 Rae8 18. Qxc6 Bf4 19. Qa4 Bg4 20. Bb5
Bxf3 21. Bxe8 Qxh2+ 22. Kf1 Qh1# 0-1

[Event "Tournoi Skype 018B"]
[Site "Skype"]
[Date "????.??.??"]
[Round "7.26"]
[White "Marty, Yvette"]
[Black "Farthouat, Catherine"]
[Result "0-1"]
[WhiteElo "1000"]
[BlackElo "1150"]
[PlyCount "56"]

1. e4 g6 2. d4 d6 3. Nf3 Bg7 4. e5 e6 5. Bf4 Ne7 6. c4 b6 7. Nbd2 O-O 8. Bd3
Bb7 9. O-O Nbc6 10. Be4 Rb8 11. d5 Nb4 12. Ng5 exd5 13. Bf3 dxe5 14. Bg3 Nd3
15. Qe2 Nxb2 16. cxd5 Nxd5 17. Bxd5 Bxd5 18. Bxe5 Re8 19. Ndf3 f6 20. Bxb2 Rxe2
21. Rab1 Bxa2 22. Ra1 Bd5 23. Nd4 Qe8 24. Nxe2 Qxe2 25. Rad1 Re8 26. Rde1 Qg4
27. Rxe8+ Bf8 28. Bxf6 Qxg2# 0-1

[Event "Tournoi Skype 018B"]
[Site "Skype"]
[Date "????.??.??"]
[Round "7.27"]
[White "Tu, Harrison"]
[Black "Gagnon, Sindy"]
[Result "0-1"]
[WhiteElo "1000"]
[BlackElo "1016"]
[PlyCount "34"]

1. e4 e5 2. Nf3 d6 3. Bb5+ Bd7 4. c4 Nf6 5. O-O Nxe4 6. Re1 Nc5 7. d4 Ne6 8.
Bg5 Nxg5 9. Nxg5 Qxg5 10. Nc3 Be7 11. Ne4 Qh4 12. a4 O-O 13. d5 Bf5 14. Qe2 Bg5
15. a5 Bf4 16. Kf1 Qxh2 17. a6 Qh1# 0-1